[Event "URU-ch Semi Final 2020"]
[Site "Montevideo"]
[Date "2020.02.23"]
[Round "4.7"]
[White "Curi, Gabriel"]
[Black "Durante, Aurelio"]
[Result "1-0"]
[WhiteElo "2132"]
[BlackElo "1955"]
[Annotator "TA"]
[PlyCount "113"]
[EventDate "2020.02.22"]
[EventType "swiss"]
[EventCountry "URU"]
[SourceTitle "playchess.com"]
[Source "ChessBase"]
[SourceQuality "1"]

{[%evp 16,113,20,16,37,34,37,19,34,13,12,-68,-42,-165,-178,-207,-200,-189,-46,-48,-50,-51,-41,-54,-16,-66,-58,-52,-18,-147,-173,-218,-203,-193,-143,-143,-145,-147,-141,-140,-133,-138,8,8,8,6,29,28,43,41,40,40,38,34,180,181,169,165,133,53,87,0,59,14,87,93,93,93,88,88,85,75,79,73,71,63,264,265,1186,1158,29936,582,29975,29976,29963,5280,978,2420,815,2240,29962,1831,29981,29982,29982,29983,29981,29982,29981,29977]} 1. e4 e5 2. Nf3 Nc6 3. Bb5 a6 4. Ba4 Nf6 5. Qe2 Be7 6. O-O O-O 7. c3 d6 8. Rd1 b5 9. Bc2 Bg4 {C86: Closed Ruy Lopez: Worrall Attack.} 10. d3 d5 11. Nbd2 {[#]} Nh5 $146 {The position is equal.} ({Predecessor:} 11... Bc5 12. Nf1 d4 13. h3 Be6 14. Ng3 Nd7 15. Nf5 Bb6 16. Bd2 Re8 17. Kh1 a5 {1-0 (64) Lagno,K (2500)-Beliavsky,A (2626) Wijk aan Zee 2006}) 12. h3 Nf4 13. Qe3 (13. Qf1 $11 Bh5 14. g3) 13... Bh5 14. Re1 (14. exd5 $15 Nxd5 15. Qe2) 14... d4 $1 $19 {[%cal Rd4e3]} 15. cxd4 {[#]} Bg5 $1 (15... Nxd4 16. Nxd4 Qxd4 17. Qxd4 $14) 16. Nxg5 Qxg5 (16... Nxd4 $19 17. Nxf7 Rxf7) 17. g4 $15 Nxd4 18. Bd1 $1 Bg6 19. Qg3 h5 20. Nb3 h4 $36 {[%mdl 2048] Black is more active.} 21. Qe3 Rad8 22. Kh2 (22. Nxd4 $11 Rxd4 23. Qf3) 22... Qf6 $17 {White must now prevent ...Nxb3.} 23. Nxd4 Rxd4 24. Bc2 Rfd8 25. Qf3 Nxd3 26. Qxf6 gxf6 27. Bxd3 Rxd3 28. Kg2 {[#]} R8d4 (28... Rd1 $1 $17 {[%cal Rd1e1]} 29. Rxd1 Rxd1) 29. f3 $11 Rc4 {And now ...Rc2+ would win.} 30. Kf2 Rc2+ 31. Re2 Rxe2+ 32. Kxe2 Bxe4 33. fxe4 Rxh3 {[%mdl 4096] Endgame KRB-KR} 34. Be3 Rg3 (34... Kg7 $14) 35. Rg1 $18 {Rxg3 is the strong threat.} Rh3 36. Bf2 Kg7 37. Kf1 (37. g5 $16) 37... Kg6 38. Ke2 ({Better is} 38. Kg2 $16 Rd3 39. Bxh4) 38... Rh2 (38... Kg7 $11) 39. Kf3 Rh3+ (39... c5 $11) 40. Kg2 $16 Rd3 41. Bxh4 Rd2+ 42. Kh3 Rxb2 43. Rf1 Rxa2 44. Rxf6+ Kg7 45. Rc6 {Threatens to win with Bf6+.} Re2 $2 (45... Ra3+ $14 46. Kg2 Ra4) 46. Bf6+ $18 ({Less strong is} 46. Rxc7 Rxe4 47. Rc6 Re3+ 48. Kg2 a5 $16) ({Not} 46. Rxa6 Re3+ 47. Kg2 Rxe4 $16) 46... Kg8 $2 (46... Kh6 47. Bxe5+ Kg5 48. Bf6+ (48. Rxc7 Rxe4 49. Bc3 Re3+ 50. Kg2 Kxg4 $11) 48... Kf4 49. Rxc7 Re3+ 50. Kh4 Re2 51. Bg5+ Kxe4 52. Rxf7 Rh2+ 53. Kg3 Rh1 54. Re7+ Kd5) 47. Kh4 Rxe4 48. Kg5 (48. Rxc7 $142 Rc4 49. Ra7 Rc8 50. Bxe5 Kf8 51. Rxa6 Re8 52. Bf6 Rb8 53. Kg5) 48... Rd4 49. Rxc7 Rc4 50. Ra7 (50. Rd7 $142 Rc8 51. Kf5 b4 52. Ra7 e4 53. Kxe4 Kf8 54. Rxa6 Rb8 55. Ra1) 50... Rc8 51. Bxe5 Kf8 52. Rxa6 Rc4 53. Rb6 (53. Kf6 $142 Ke8 54. Ra8+ Kd7 55. g5 Re4 56. Ra7+ Kc6 57. Rxf7 Rg4 58. g6) 53... Rc5 54. Kf6 {White mates.} Ke8 55. Rb8+ Kd7 56. Rb7+ Ke8 57. Re7+ {A wild game. Accuracy: White = 58%, Black = 47%.} 1-0

[Event "URU-ch Semi Final 2020"]
[Site "Montevideo"]
[Date "2020.02.23"]
[Round "4.8"]
[White "Dotta, Gian Franco"]
[Black "Granara Barreto, Sebastian"]
[Result "0-1"]
[WhiteElo "2000"]
[BlackElo "2132"]
[Annotator "ChessBase"]
[PlyCount "60"]
[EventDate "2020.02.22"]
[EventType "swiss"]
[EventCountry "URU"]
[SourceTitle "playchess.com"]
[Source "ChessBase"]
[SourceQuality "1"]
[TimeControl "5400+30"]

1. e4 {[%emt 0:00:00]} c6 {[%emt 0:00:00]} 2. d4 {[%emt 0:00:00]} d5 {[%emt 0:00:00]} 3. exd5 cxd5 {[%emt 0:00:00]} 4. Bd3 {[%emt 0:00:04]} Nc6 {[%emt 0:00:12]} 5. c3 {[%emt 0:00:26]} g6 {[%emt 0:00:06]} 6. Bf4 {[%emt 0:04:28]} Bg7 {[%emt 0:00:16]} 7. Nf3 {[%emt 0:02:22]} Nf6 {[%emt 0:00:08]} 8. h3 {[%emt 0:01:23]} O-O {[%emt 0:00:06]} 9. O-O {[%emt 0:00:08]} Nh5 {[%emt 0:03:20]} 10. Bg5 {[%emt 0:07:34]} Qd6 {[%emt 0:07:01]} 11. Qd2 {[%emt 0:05:03]} f6 {[%emt 0:06:22]} 12. Be3 {[%emt 0:01:55]} e5 {[%emt 0:21:17]} 13. dxe5 {[%emt 0:10:41]} fxe5 {[%emt 0:00:32]} 14. Bc4 {[%emt 0:05:10]} Be6 {[%emt 0:00:17]} 15. Ng5 {[%emt 0:05:24]} Na5 {[%emt 0:01:05]} 16. Bb3 {[%emt 0:03:33]} Nxb3 {[%emt 0:04:48]} 17. axb3 {[%emt 0:00:09]} a6 {[%emt 0:01:26]} 18. Bc5 {[%emt 0:03:48]} Qxc5 {[%emt 0:03:50]} 19. Nxe6 {[%emt 0:00:09]} Qc6 {[%emt 0:00:15]} 20. Nxf8 {[%emt 0:01:09]} Rxf8 {[%emt 0:00:02]} 21. Na3 {[%emt 0:15:04]} d4 {[%emt 0:05:56]} 22. Qe2 {[%emt 0:07:44]} Kh8 {[%emt 0:10:35]} 23. Qc4 {[%emt 0:03:59]} Qf6 {[%emt 0:00:52]} 24. Qc7 {[%emt 0:05:26]} b5 {[%emt 0:01:03]} 25. cxd4 {[%emt 0:01:56]} exd4 {[%emt 0:00:17]} 26. Rad1 {[%emt 0:02:26]} Nf4 {[%emt 0:01:32]} 27. Nc2 {[%emt 0:02:04]} Qg5 {[%emt 0:00:53]} 28. g3 {[%emt 0:01:32]} Nxh3+ {[%emt 0:02:07]} 29. Kh2 {[%emt 0:02:54]} Be5 {[%emt 0:01:06]} 30. Qc6 {[%emt 0:03:59]} Rxf2+ {[%emt 0:00:31]} 0-1

[Event "URU-ch Semi Final 2020"]
[Site "Montevideo"]
[Date "2020.02.23"]
[Round "4.9"]
[White "Izquierdo, Sebastian"]
[Black "Guerrero, Alvaro"]
[Result "0-1"]
[WhiteElo "1950"]
[BlackElo "2094"]
[Annotator "TA"]
[PlyCount "110"]
[EventDate "2020.02.22"]
[EventType "swiss"]
[EventCountry "URU"]
[SourceTitle "playchess.com"]
[Source "ChessBase"]
[SourceQuality "1"]

{[%evp 24,110,59,50,61,73,73,72,81,12,59,81,77,43,65,44,48,45,74,67,66,11,11,11,8,12,8,10,8,0,10,0,0,0,14,14,25,25,17,19,37,9,22,13,14,11,15,0,5,-334,-333,-541,-655,-664,-641,-600,-595,-566,-555,-714,-439,-681,-634,-832,-799,-837,-820,-816,-809,-800,-803,-1290,-1128,-1433,-1280,-2181,-2083,-3234,-3008,-2495,-2385,-1777,-2281,-29970,-29972,-29975,-29976,-7457,-6203]} 1. d4 f5 2. Nf3 Nf6 3. c4 g6 4. g3 Bg7 5. Bg2 O-O 6. O-O d6 7. Nc3 Na6 8. d5 Qe8 9. Nd4 Bd7 10. e4 fxe4 11. Nxe4 Nxe4 12. Bxe4 Nc5 13. Bg2 Qf7 {A87: Dutch Defence: Leningrad System: 5 Nf3.} 14. Be3 a5 15. Qd2 a4 {White is better.} 16. Bh6 (16. Rae1 $16) 16... Qf6 {[#] Hoping for ...Bxh6.} 17. Bxg7 Kxg7 {[#]} 18. Rfe1 $146 ({Predecessor:} 18. Rae1 Rab8 19. b4 axb3 20. axb3 b5 21. b4 e5 22. Nxb5 Bxb5 23. cxb5 Nd7 24. Bh3 {½-½ (52) Necesany,Z-Vavra,J Czechoslovakia 1988}) 18... Rae8 19. Re3 e5 20. dxe6 Bxe6 21. Rae1 (21. Rf3 $5 {[%cal Rf3f6]} Qd8 22. Qc3 $16) 21... Bd7 22. Rxe8 (22. Nb5 $14) 22... Rxe8 $11 23. Rxe8 Bxe8 24. b4 axb3 $1 25. axb3 Bf7 26. Qe3 c6 27. h3 Qe5 28. Qd2 Nd7 29. Nf3 Qe7 30. Qd4+ Kg8 31. h4 Nc5 32. Nd2 Qe1+ 33. Kh2 Qe5 34. Qxe5 dxe5 {[%mdl 4096] Endgame KBN-KBN} 35. Kg1 Kg7 36. Kf1 $2 {[%mdl 8192] [#] White does not recover from this.} (36. Bf1 $11 {and White stays safe.}) 36... Nxb3 $1 $19 {[%mdl 512]} 37. Ke2 $2 (37. Nb1) (37. Nxb3 Bxc4+) 37... Nxd2 38. Kxd2 Bxc4 {KB-KB} 39. Kc3 Bd5 40. Bf1 b6 {[%cal Bb7b6,Bb6b5,Bb5b4][%mdl 32]} 41. Kb4 Bf3 42. Bh3 (42. Ba6 $142 c5+ 43. Kc3) 42... Be2 43. Bd7 c5+ 44. Kc3 b5 45. Kd2 Bc4 46. Kc3 Kf6 47. g4 h6 48. f3 Be2 49. Bc6 b4+ 50. Kd2 Bc4 51. Be4 Ba2 52. Kc2 g5 53. hxg5+ Kxg5 54. Kd2 c4 55. Kc2 c3 {Accuracy: White = 45%, Black = 85%.} 0-1

[Event "URU-ch Semi Final 2020"]
[Site "Montevideo"]
[Date "2020.02.23"]
[Round "4.10"]
[White "Suarez, Pedro"]
[Black "Salguero, Rafael"]
[Result "1-0"]
[WhiteElo "2063"]
[BlackElo "1906"]
[Annotator "ChessBase"]
[PlyCount "105"]
[EventDate "2020.02.22"]
[EventType "swiss"]
[EventCountry "URU"]
[SourceTitle "playchess.com"]
[Source "ChessBase"]
[SourceQuality "1"]
[TimeControl "5400+30"]

1. d4 {[%emt 0:01:08]} d5 {[%emt 0:00:00]} 2. c4 {[%emt 0:00:38]} e6 {[%emt 0:00:00]} 3. Nc3 {[%emt 0:01:02]} Nf6 {[%emt 0:00:00]} 4. cxd5 {[%emt 0:00:41]} exd5 {[%emt 0:00:09]} 5. Bg5 {[%emt 0:00:40]} c6 {[%emt 0:00:15]} 6. e3 {[%emt 0:02:48]} Bf5 {[%emt 0:00:21]} 7. Bd3 {[%emt 0:06:12]} Bxd3 {[%emt 0:01:06]} 8. Qxd3 {[%emt 0:00:07]} Nbd7 {[%emt 0:02:00]} 9. Nge2 {[%emt 0:03:08]} Bd6 {[%emt 0:01:48]} 10. f3 {[%emt 0:00:37]} Qc7 {[%emt 0:01:10]} 11. e4 {[%emt 0:05:58]} dxe4 {[%emt 0:09:54]} 12. fxe4 {[%emt 0:00:52]} Bxh2 {[%emt 0:04:24]} 13. Qh3 {[%emt 0:02:23]} Bd6 {[%emt 0:05:39]} 14. e5 {[%emt 0:01:20]} Nxe5 {[%emt 0:00:16]} 15. dxe5 {[%emt 0:00:10]} Bxe5 {[%emt 0:00:05]} 16. O-O-O {[%emt 0:02:38]} Nd5 {[%emt 0:13:05]} 17. Kb1 {[%emt 0:09:04]} f6 {[%emt 0:08:51]} 18. Nxd5 {[%emt 0:04:52]} cxd5 {[%emt 0:00:20]} 19. Qe6+ {[%emt 0:00:22]} Qe7 {[%emt 0:04:52]} 20. Qxe7+ {[%emt 0:02:17]} Kxe7 {[%emt 0:00:07]} 21. Be3 {[%emt 0:02:28]} d4 {[%emt 0:00:26]} 22. Bxd4 {[%emt 0:00:22]} Bxd4 {[%emt 0:02:21]} 23. Nxd4 {[%emt 0:00:05]} g6 {[%emt 0:00:39]} 24. Nb5 {[%emt 0:00:30]} f5 {[%emt 0:01:44]} 25. Rd6 {[%emt 0:01:57]} a6 {[%emt 0:04:02]} 26. Re1+ {[%emt 0:00:07]} Kf7 {[%emt 0:00:11]} 27. Rd7+ {[%emt 0:01:24]} Kf6 {[%emt 0:00:23]} 28. Nc3 {[%emt 0:02:20]} b5 {[%emt 0:00:55]} 29. Nd5+ {[%emt 0:02:01]} Kg5 {[%emt 0:00:17]} 30. Nc7 {[%emt 0:02:16]} Rac8 {[%emt 0:02:48]} 31. Ree7 {[%emt 0:00:46]} Kg4 {[%emt 0:02:40]} 32. Rxh7 {[%emt 0:03:41]} Kg3 {[%emt 0:00:50]} 33. Rxh8 {[%emt 0:02:32]} Rxh8 {[%emt 0:00:07]} 34. Rg7 {[%emt 0:00:04]} Rh6 {[%emt 0:04:43]} 35. Ne6 {[%emt 0:02:12]} Kxg2 {[%emt 0:04:55]} 36. Nf4+ {[%emt 0:00:19]} Kf3 {[%emt 0:00:30]} 37. Nxg6 {[%emt 0:00:10]} f4 {[%emt 0:00:22]} 38. Kc2 {[%emt 0:01:57]} a5 {[%emt 0:02:41]} 39. Kd3 {[%emt 0:01:12]} Rh5 {[%emt 0:05:30]} 40. Rf7 {[%emt 0:00:51]} Rd5+ {[%emt 0:00:03]} 41. Kc3 {[%emt 0:00:34]} Rc5+ {[%emt 0:00:11]} 42. Kb3 {[%emt 0:00:11]} a4+ {[%emt 0:03:36]} 43. Ka3 {[%emt 0:00:47]} Ke3 {[%emt 0:02:19]} 44. Nxf4 {[%emt 0:00:26]} Rc2 {[%emt 0:00:54]} 45. Nd5+ {[%emt 0:00:15]} Kd4 {[%emt 0:00:33]} 46. Nb4 {[%emt 0:00:32]} Rh2 {[%emt 0:00:29]} 47. Rc7 {[%emt 0:00:50]} Rh3+ {[%emt 0:01:47]} 48. b3 {[%emt 0:00:03]} Rg3 {[%emt 0:00:35]} 49. Nc2+ {[%emt 0:00:11]} Kd5 {[%emt 0:00:18]} 50. Kb4 {[%emt 0:00:15]} axb3 {[%emt 0:01:41]} 51. axb3 {[%emt 0:00:05]} Kd6 {[%emt 0:00:18]} 52. Rc3 {[%emt 0:00:06]} Rg5 {[%emt 0:00:21]} 53. Na3 {[%emt 0:00:15]} 1-0

[Event "URU-ch Semi Final 2020"]
[Site "Montevideo"]
[Date "2020.02.23"]
[Round "4.11"]
[White "Lanzilotta, Marcelo"]
[Black "Palacio, Enzo"]
[Result "1-0"]
[WhiteElo "2003"]
[BlackElo "1869"]
[Annotator "NA"]
[PlyCount "67"]
[EventDate "2020.02.22"]
[EventType "swiss"]
[EventCountry "URU"]
[SourceTitle "playchess.com"]
[Source "ChessBase"]
[SourceQuality "1"]
[TimeControl "5400+30"]

1. e4 {[%emt 0:17:50]} c5 {[%emt 0:00:00]} 2. d3 {[%emt 0:00:37]} Nc6 {[%emt 0:00:00]} 3. Nf3 {[%emt 0:00:10]} g6 {[%emt 0:00:00]} 4. g3 {[%emt 0:00:10]} Bg7 {[%emt 0:00:00]} 5. Bg2 {[%emt 0:00:09]} e5 {[%emt 0:00:00]} 6. O-O {[%emt 0:00:14]} Nge7 {[%emt 0:00:00]} 7. Be3 {[%emt 0:00:52]} d6 {[%emt 0:00:00]} 8. c3 {[%emt 0:01:17]} O-O {[%emt 0:00:00]} 9. Qd2 {[%emt 0:00:05]} Rb8 {[%emt 0:00:56]} 10. Bh6 {[%emt 0:00:13]} Bxh6 {[%emt 0:00:03]} 11. Qxh6 {[%emt 0:00:08]} f6 {[%emt 0:00:04]} 12. Nbd2 {[%emt 0:04:42]} Be6 {[%emt 0:02:21]} 13. Bh3 {[%emt 0:00:32]} Qd7 {[%emt 0:01:50]} 14. Bxe6+ {[%emt 0:00:33]} Qxe6 {[%emt 0:00:03]} 15. Nc4 {[%emt 0:07:43]} d5 {[%emt 0:11:05]} 16. Ncd2 {[%emt 0:09:58]} d4 {[%emt 0:03:15]} 17. Nb3 {[%emt 0:08:36]} b6 {[%emt 0:01:12]} 18. c4 {[%emt 0:03:42]} Kh8 {[%emt 0:03:25]} 19. a3 {[%emt 0:01:13]} Qg4 {[%emt 0:06:36]} 20. Kg2 {[%emt 0:00:46]} g5 {[%emt 0:01:05]} 21. h3 {[%emt 0:01:52]} Qe6 {[%emt 0:00:38]} 22. Nxg5 {[%emt 0:01:28]} Qg8 {[%emt 0:00:01]} 23. Nf3 {[%emt 0:00:32]} Ng6 {[%emt 0:01:05]} 24. Kh2 {[%emt 0:04:04]} Nce7 {[%emt 0:00:46]} 25. h4 {[%emt 0:06:56]} Rf7 {[%emt 0:02:33]} 26. Nbd2 {[%emt 0:03:09]} Rg7 {[%emt 0:02:24]} 27. Rg1 {[%emt 0:01:59]} Qf7 {[%emt 0:01:37]} 28. Rae1 {[%emt 0:04:58]} Rf8 {[%emt 0:08:27]} 29. h5 {[%emt 0:02:59]} Ng8 {[%emt 0:02:58]} 30. hxg6 {[%emt 0:02:06]} Rxg6 {[%emt 0:00:45]} 31. Qh3 {[%emt 0:00:07]} Nh6 {[%emt 0:00:25]} 32. Nh4 {[%emt 0:02:53]} Ng4+ {[%emt 0:01:16]} 33. Kg2 {[%emt 0:00:04]} Rg5 {[%emt 0:00:45]} 34. Ndf3 1-0

[Event "URU-ch Semi Final 2020"]
[Site "Montevideo"]
[Date "2020.02.23"]
[Round "4.12"]
[White "Avedisian, Alexander"]
[Black "Rey, Fernando"]
[Result "1-0"]
[WhiteElo "1892"]
[BlackElo "1640"]
[Annotator "NA"]
[PlyCount "55"]
[EventDate "2020.02.22"]
[EventType "swiss"]
[EventCountry "URU"]
[SourceTitle "playchess.com"]
[Source "ChessBase"]
[SourceQuality "1"]
[TimeControl "5400+30"]

1. g3 {[%emt 0:00:00]} c5 {[%emt 0:05:53]} 2. Bg2 {[%emt 0:00:12]} Nc6 {[%emt 0:00:30]} 3. Nf3 {[%emt 0:00:12]} g6 {[%emt 0:00:22]} 4. O-O {[%emt 0:00:07]} Bg7 {[%emt 0:00:02]} 5. c3 {[%emt 0:00:13]} e5 {[%emt 0:01:00]} 6. d4 {[%emt 0:00:11]} cxd4 7. cxd4 {[%emt 0:00:08]} e4 {[%emt 0:00:54]} 8. Ne5 {[%emt 0:00:08]} d5 {[%emt 0:00:11]} 9. Nc3 {[%emt 0:00:07]} Nge7 {[%emt 0:00:17]} 10. Bg5 {[%emt 0:01:56]} f6 {[%emt 0:00:31]} 11. Nxc6 {[%emt 0:00:13]} bxc6 {[%emt 0:00:16]} 12. Bf4 {[%emt 0:00:12]} O-O {[%emt 0:01:44]} 13. Na4 {[%emt 0:00:31]} Be6 {[%emt 0:05:34]} 14. Qb3 {[%emt 0:10:36]} g5 {[%emt 0:00:38]} 15. Nc5 {[%emt 0:00:40]} Bc8 {[%emt 0:01:25]} 16. Bd2 {[%emt 0:03:28]} Qb6 {[%emt 0:02:32]} 17. Qa3 {[%emt 0:03:31]} Rf7 {[%emt 0:02:12]} 18. Ba5 {[%emt 0:03:06]} Qb5 {[%emt 0:00:50]} 19. e3 {[%emt 0:01:48]} Bf8 {[%emt 0:01:21]} 20. Qc3 {[%emt 0:04:58]} Nf5 {[%emt 0:00:48]} 21. a4 {[%emt 0:00:42]} Qb8 {[%emt 0:01:17]} 22. b4 {[%emt 0:07:22]} Nd6 {[%emt 0:00:56]} 23. Rab1 {[%emt 0:02:55]} a6 {[%emt 0:00:59]} 24. Rfc1 {[%emt 0:04:10]} Nc4 {[%emt 0:00:51]} 25. Nxe4 {[%emt 0:02:33]} Nxa5 {[%emt 0:02:14]} 26. bxa5 {[%emt 0:01:16]} Qc7 {[%emt 0:02:04]} 27. Nd2 {[%emt 0:02:14]} Bd7 {[%emt 0:00:51]} 28. Bxd5 1-0

[Event "URU-ch Semi Final 2020"]
[Site "Montevideo"]
[Date "2020.02.23"]
[Round "4.13"]
[White "Ruggiero, Alvaro"]
[Black "Garcia, Matias"]
[Result "1-0"]
[WhiteElo "1843"]
[BlackElo "1810"]
[Annotator "NA RC"]
[PlyCount "77"]
[EventDate "2020.02.22"]
[EventType "swiss"]
[EventCountry "URU"]
[SourceTitle "playchess.com"]
[Source "ChessBase"]
[SourceQuality "1"]
[TimeControl "5400+30"]

1. e4 {[%emt 0:06:05]} d5 {[%emt 0:00:00]} 2. exd5 {[%emt 0:00:39]} Qxd5 {[%emt 0:00:00]} 3. d4 {[%emt 0:00:24]} e5 {[%emt 0:00:10]} 4. dxe5 {[%emt 0:00:58]} Qxd1+ 5. Kxd1 {[%emt 0:00:09]} Nc6 {[%emt 0:01:41]} 6. Nf3 {[%emt 0:00:46]} Bg4 {[%emt 0:00:43]} 7. Bd3 {[%emt 0:01:58]} O-O-O {[%emt 0:03:07]} 8. Re1 {[%emt 0:01:18]} Nb4 {[%emt 0:04:24]} 9. Kd2 {[%emt 0:00:23]} Be7 {[%emt 0:04:22]} 10. Nc3 {[%emt 0:06:43]} c5 {[%emt 0:12:37]} 11. Ke2 {[%emt 0:02:21]} c4 {[%emt 0:07:43]} 12. Be4 {[%emt 0:00:26]} f5 {[%emt 0:00:23]} 13. exf6 {[%emt 0:00:25]} Nxf6 {[%emt 0:00:23]} 14. Kf1 {[%emt 0:01:31]} Rhe8 {[%emt 0:03:28]} 15. a3 {[%emt 0:00:43]} Nxe4 {[%emt 0:03:26]} 16. Rxe4 {[%emt 0:03:04]} Bxf3 {[%emt 0:03:02]} 17. gxf3 {[%emt 0:00:19]} Nxc2 {[%emt 0:02:26]} 18. Rxc4+ {[%emt 0:00:09]} Kb8 {[%emt 0:01:28]} 19. Bf4+ {[%emt 0:00:31]} Bd6 {[%emt 0:00:54]} 20. Bxd6+ {[%emt 0:00:13]} Rxd6 {[%emt 0:00:02]} 21. Rc1 {[%emt 0:03:15]} Nd4 {[%emt 0:02:55]} 22. Ne4 {[%emt 0:02:00]} Rc6 {[%emt 0:03:44]} 23. Rxc6 {[%emt 0:01:28]} Nxc6 {[%emt 0:00:02]} 24. Rc3 {[%emt 0:01:10]} a6 {[%emt 0:04:58]} 25. Rb3 {[%emt 0:00:34]} Ka7 {[%emt 0:03:05]} 26. Rxb7+ {[%emt 0:00:23]} Kxb7 {[%emt 0:00:18]} 27. Nd6+ {[%emt 0:00:08]} Kb6 {[%emt 0:00:33]} 28. Nxe8 {[%emt 0:00:13]} Na5 {[%emt 0:00:20]} 29. Nxg7 {[%emt 0:00:28]} Nc4 {[%emt 0:00:01]} 30. f4 {[%emt 0:00:15]} Nxb2 {[%emt 0:00:13]} 31. f5 {[%emt 0:00:36]} Kc6 {[%emt 0:01:11]} 32. Ne6 {[%emt 0:01:12]} Kd6 {[%emt 0:05:11]} 33. Ke2 {[%emt 0:00:48]} Nc4 {[%emt 0:00:47]} 34. a4 {[%emt 0:00:59]} Nb2 {[%emt 0:00:42]} 35. a5 {[%emt 0:00:22]} Nc4 {[%emt 0:00:03]} 36. Nd8 {[%emt 0:00:54]} Nxa5 {[%emt 0:02:43]} 37. f6 {[%emt 0:00:13]} Kd7 {[%emt 0:03:56]} 38. f7 {[%emt 0:00:29]} Ke7 {[%emt 0:00:08]} 39. Ne6 {[%emt 0:00:11]} 1-0

[Event "URU-ch Semi Final 2020"]
[Site "Montevideo"]
[Date "2020.02.23"]
[Round "4.14"]
[White "Soto, Nicolas"]
[Black "Osinaga, Eduardo"]
[Result "1-0"]
[WhiteElo "2002"]
[BlackElo "1697"]
[Annotator "NA"]
[PlyCount "73"]
[EventDate "2020.02.22"]
[EventType "swiss"]
[EventCountry "URU"]
[SourceTitle "playchess.com"]
[Source "ChessBase"]
[SourceQuality "1"]
[TimeControl "5400+30"]

1. e4 {[%emt 0:00:00]} c5 {[%emt 0:00:00]} 2. Nf3 {[%emt 0:00:00]} d6 {[%emt 0:00:00]} 3. d4 {[%emt 0:00:00]} cxd4 4. Nxd4 {[%emt 0:00:04]} e5 {[%emt 0:00:12]} 5. Nb3 {[%emt 0:00:06]} h6 {[%emt 0:00:18]} 6. Nc3 {[%emt 0:00:18]} Nf6 {[%emt 0:00:12]} 7. f3 {[%emt 0:00:15]} Be7 {[%emt 0:00:20]} 8. Be3 {[%emt 0:00:05]} Be6 {[%emt 0:00:39]} 9. Qd2 {[%emt 0:00:28]} O-O {[%emt 0:00:22]} 10. O-O-O {[%emt 0:00:05]} a6 {[%emt 0:01:18]} 11. Kb1 {[%emt 0:02:28]} Nbd7 {[%emt 0:03:51]} 12. g4 {[%emt 0:02:05]} Nh7 {[%emt 0:03:46]} 13. h4 {[%emt 0:03:37]} Bxh4 {[%emt 0:05:01]} 14. Bxh6 {[%emt 0:00:27]} Nc5 {[%emt 0:10:36]} 15. Be3 {[%emt 0:26:10]} Nxb3 {[%emt 0:09:18]} 16. axb3 {[%emt 0:00:16]} g5 {[%emt 0:10:23]} 17. Qxd6 {[%emt 0:16:01]} Qf6 {[%emt 0:00:19]} 18. Be2 {[%emt 0:01:16]} b5 {[%emt 0:01:17]} 19. Nd5 {[%emt 0:02:17]} Bxd5 {[%emt 0:01:07]} 20. Rxd5 {[%emt 0:00:12]} Rfe8 {[%emt 0:01:53]} 21. Qxf6 {[%emt 0:04:47]} Nxf6 {[%emt 0:00:17]} 22. Rd6 {[%emt 0:00:04]} Kg7 {[%emt 0:00:34]} 23. Rhd1 {[%emt 0:00:19]} Nh7 {[%emt 0:03:13]} 24. Rb6 {[%emt 0:03:58]} Nf8 {[%emt 0:00:23]} 25. Rdd6 {[%emt 0:01:26]} Re6 {[%emt 0:00:16]} 26. c4 {[%emt 0:01:10]} Rxd6 {[%emt 0:00:47]} 27. Rxd6 {[%emt 0:00:06]} b4 {[%emt 0:00:28]} 28. c5 {[%emt 0:01:41]} a5 {[%emt 0:00:22]} 29. Ra6 {[%emt 0:01:48]} Rxa6 {[%emt 0:01:20]} 30. Bxa6 {[%emt 0:00:01]} Ne6 {[%emt 0:03:46]} 31. c6 {[%emt 0:00:59]} Kf8 {[%emt 0:00:38]} 32. Bb6 {[%emt 0:01:01]} Be1 {[%emt 0:01:49]} 33. c7 {[%emt 0:00:27]} Nxc7 {[%emt 0:00:07]} 34. Bxc7 {[%emt 0:00:04]} f6 {[%emt 0:00:13]} 35. Bxa5 {[%emt 0:00:11]} Ke7 {[%emt 0:00:34]} 36. Kc2 {[%emt 0:00:05]} Kd6 {[%emt 0:00:38]} 37. Kd1 {[%emt 0:00:07]} 1-0